UBT Library

Dissection of the fetal pig / (Record no. 40101)

000 -LEADER
fixed length control field 00643cam a2200217 a 4500
001 - CONTROL NUMBER
control field 2388818
005 - DATE AND TIME OF LATEST TRANSACTION
control field 20180111065029.0
008 - FIXED-LENGTH DATA ELEMENTS--GENERAL INFORMATION
fixed length control field 850222s1985 ncua b 000 0 eng
010 ## - LIBRARY OF CONGRESS CONTROL NUMBER
LC control number 85060681
020 ## - INTERNATIONAL STANDARD BOOK NUMBER
International Standard Book Number 0892780509 (pbk.)
040 ## - CATALOGING SOURCE
Original cataloging agency DLC
Transcribing agency DLC
Modifying agency DLC
041 ## - LANGUAGE CODE
Language code of text/sound track or separate title eng
080 ## - UNIVERSAL DECIMAL CLASSIFICATION NUMBER
Universal Decimal Classification number 599.734 PHI
082 00 - DEWEY DECIMAL CLASSIFICATION NUMBER
Classification number 599.734 PHI
Edition number 19
100 1# - Rafti
Rafti 11
101 ## - Shkurtesa
Shkurtesa BIO
245 10 - TITLE STATEMENT
Title Dissection of the fetal pig /
Statement of responsibility, etc Roger E. Phillips, Jr. ; illustrated by Sandra Shomaker ; consultant on art and anatomy, Kenneth W. Perkins.
504 ## - BIBLIOGRAPHY, ETC. NOTE
Bibliography, etc Bibliography: p. 55.
906 ## - LOCAL DATA ELEMENT F, LDF (RLIN)
a 7
b cbc
c orignew
d 3
e opcn
f 19
g y-gencatlg
942 ## - ADDED ENTRY ELEMENTS (KOHA)
Source of classification or shelving scheme
Item type Books
Holdings
Withdrawn status Lost status Source of classification or shelving scheme Damaged status Not for loan Permanent location Current location Date acquired Total Checkouts Full call number Barcode Date last seen Price effective from Koha item type
          UBT - Lipjan UBT - Lipjan 01/11/2018   599.734 PHI 002-2994878 01/11/2018 01/11/2018 Books
UBT Library © 2015-2024. All rights reserved University Education for Business and Technology